[Event "SVK-ch Rapid"]
[Site "Podbanske"]
[Date "2023.09.30"]
[Round "6"]
[White "Priehoda, Vitezslav"]
[Black "Mudrak, Josef"]
[Result "1-0"]
[WhiteElo "2272"]
[BlackElo "2216"]
[PlyCount "67"]
[EventDate "2023.09.30"]
[EventType "tourn (rapid)"]
[EventRounds "10"]
[EventCountry "SVK"]
[SourceTitle "EXT 2024"]
[Source "ChessBase"]
[SourceDate "2023.10.10"]
[SourceVersion "1"]
[SourceVersionDate "2023.10.10"]
[SourceQuality "1"]

1. c4 Nf6 2. Nc3 d6 3. d4 Nbd7 4. e4 e5 5. Nf3 Be7 6. Be2 0-0 7. 0-0 c6 8. d5 cxd5 9. cxd5 a6 10. Be3 b5 11. Nd2 Bb7 12. b4 Nb6 13. Qb3 Nfd7 14. a4 bxa4 15. Nxa4 Bg5 16. Nxb6 Nxb6 17. Rfc1 Bxe3 18. Qxe3 f5 19. f3 Kh8 20. Nb3 Bxd5 21. exd5 Nxd5 22. Qd2 Qb6+ 23. Kh1 Nxb4 24. Na5 d5 25. Rcb1 Rab8 26. Ra4 Qf2 27. Raxb4 Rbd8 28. R4b2 e4 29. Nc6 Rde8 30. Qd4 Qh4 31. Rb7 Rg8 32. Ne5 Rxe5 33. Qxe5 Qf2 34. Rxg7 1-0

[Event "Nepomuk 3rd"]
[Site "Nepomuk"]
[Date "2023.09.09"]
[Round "9"]
[White "Priehoda, Vitezslav"]
[Black "Spirik, Jiri"]
[Result "1/2-1/2"]
[WhiteElo "2254"]
[BlackElo "2143"]
[PlyCount "22"]
[EventDate "2023.08.31"]
[EventType "tourn"]
[EventRounds "9"]
[EventCountry "CZE"]
[SourceTitle "EXT 2024"]
[Source "ChessBase"]
[SourceDate "2023.10.10"]
[SourceVersion "1"]
[SourceVersionDate "2023.10.10"]
[SourceQuality "1"]

1. Nf3 Nf6 2. d4 d5 3. c4 c6 4. cxd5 cxd5 5. Nc3 Nc6 6. Bf4 a6 7. e3 e6 8. Rc1 Bd7 9. Bd3 Be7 10. 0-0 0-0 11. h3 h6 1/2-1/2

[Event "Nepomuk 3rd"]
[Site "Nepomuk"]
[Date "2023.09.02"]
[Round "3"]
[White "Novy, Martin"]
[Black "Priehoda, Vitezslav"]
[Result "0-1"]
[WhiteElo "2104"]
[BlackElo "2254"]
[PlyCount "128"]
[EventDate "2023.08.31"]
[EventType "tourn"]
[EventRounds "9"]
[EventCountry "CZE"]
[SourceTitle "EXT 2024"]
[Source "ChessBase"]
[SourceDate "2023.10.10"]
[SourceVersion "1"]
[SourceVersionDate "2023.10.10"]
[SourceQuality "1"]

1. d4 Nf6 2. Nf3 e6 3. e3 b6 4. b3 Bb7 5. Bb2 c5 6. Nbd2 Be7 7. Be2 0-0 8. 0-0 d6 9. c4 Nbd7 10. Qc2 Re8 11. Rad1 Bf8 12. Rfe1 Rc8 13. Qb1 Qc7 14. Bf1 cxd4 15. Nxd4 a6 16. Rc1 Qb8 17. a3 e5 18. Ne2 d5 19. cxd5 Nxd5 20. e4 N5f6 21. b4 b5 22. Rxc8 Rxc8 23. Nc3 Bd6 24. g3 Bc7 25. Kg2 Bb6 26. f3 Ba7 27. Bd3 Qd6 28. Nd1 Rd8 29. Nf1 Nb6 30. Be2 Na4 31. Ba1 Qe6 32. Nde3 h5 33. Rd1 Rxd1 34. Bxd1 Bd4 35. Bxa4 bxa4 36. Bxd4 exd4 37. Nf5 Nxe4 38. Nxd4 Qc4 39. Qd1 Nc3 40. Qd2 Nd5 41. Ne3 Nxe3+ 42. Qxe3 Bd5 43. h4 Qa2+ 44. Kg1 Qb1+ 45. Kg2 Qb2+ 46. Kg1 Bb3 47. Nxb3 axb3 48. Qe8+ Kh7 49. Qxf7 Qc1+ 50. Kg2 b2 51. Qf5+ Kg8 52. Qd5+ Kf8 53. Qd8+ Kf7 54. Qd7+ Kg8 55. Qd5+ Kh7 56. Qf5+ Kh6 57. g4 Qd2+ 58. Kh3 hxg4+ 59. fxg4 Qc3+ 60. Kg2 Qc6+ 61. Kh3 Qg6 62. Qf4+ Kh7 63. h5 Qd3+ 64. Kh4 b1Q 0-1

[Event "Prague Summer op-A 10th"]
[Site "Prague"]
[Date "2023.08.06"]
[Round "4"]
[White "Priehoda, Vitezslav"]
[Black "Itgelt, Khuyagtsogt"]
[Result "1/2-1/2"]
[WhiteElo "2254"]
[BlackElo "2397"]
[PlyCount "171"]
[EventDate "2023.08.04"]
[EventType "swiss"]
[EventRounds "9"]
[EventCountry "CZE"]
[SourceTitle "CBM 215 Extra"]
[Source "ChessBase"]
[SourceDate "2023.09.30"]
[SourceVersion "1"]
[SourceVersionDate "2023.09.30"]
[SourceQuality "1"]

1. Nf3 Nf6 2. b3 d5 3. Bb2 g6 4. c4 Bg7 5. g3 c6 6. Bg2 0-0 7. 0-0 Bg4 8. d3 Bxf3 9. Bxf3 e6 10. Nd2 a5 11. a3 Na6 12. Qc2 Re8 13. d4 Rc8 14. Rad1 Rc7 15. Bg2 Qe7 16. c5 Nd7 17. e4 e5 18. exd5 cxd5 19. Rfe1 e4 20. Nf1 Ndb8 21. Qd2 Nc6 22. f3 f5 23. Ne3 Rd7 24. Bf1 Nc7 25. f4 Ne6 26. Nc2 Nxc5 27. a4 Ne6 28. Bb5 g5 29. Qf2 gxf4 30. gxf4 Bh6 31. Bc1 Qd6 32. Rf1 Rg7+ 33. Kh1 Rg6 34. Be2 Rc8 35. Bh5 Rg7 36. Qh4 Qe7 37. Qh3 Qf6 38. Ne3 Ne7 39. Ba3 Rc3 40. Bxe7 Qxe7 41. Rc1 Rxb3 42. Rc8+ Nf8 43. Re1 Qb4 44. Qh4 Bxf4 45. Nxd5 Bg3 46. Qxg3 Rgxg3 47. Nxb4 Rg5 48. Nd5 Kg7 49. Nf4 Rb6 50. Rec1 Ne6 51. Nxe6+ Rxe6 52. R8c7+ Kh6 53. Bf7 Rd6 54. d5 e3 55. R7c4 Kg7 56. Be6 Kf6 57. Re1 Rb6 58. Rf4 Ke5 59. Rh4 f4 60. Rxh7 Kd4 61. Rh4 Ke5 62. Bg4 Rb2 63. Be2 Rf5 64. Bg4 Rf6 65. Bf3 Rf2 66. Rh3 b6 67. Re2 Rf1+ 68. Kg2 Ra1 69. Rh5+ Kd4 70. Rg5 Rxa4 71. h4 Rc4 72. h5 Rc7 73. Kh3 a4 74. Kg4 a3 75. Rg6 Rxg6+ 76. hxg6 b5 77. Kxf4 b4 78. Ra2 Ra7 79. Bd1 e2 80. Rxe2 a2 81. Rxa2 Rxa2 82. g7 Ra8 83. Kf5 Rg8 84. Kf6 Rxg7 85. Kxg7 Kxd5 86. Bb3+ 1/2-1/2

[Event "Ceske Budejovice op-A"]
[Site "Ceske Budejovice"]
[Date "2023.07.02"]
[Round "2"]
[White "Priehoda, Vitezslav"]
[Black "Placer, Sebastian"]
[Result "1-0"]
[WhiteElo "2256"]
[BlackElo "1997"]
[PlyCount "63"]
[EventDate "2023.07.01"]
[EventType "swiss"]
[EventRounds "9"]
[EventCountry "CZE"]
[SourceTitle "CBM 215 Extra"]
[Source "ChessBase"]
[SourceDate "2023.09.30"]
[SourceVersion "1"]
[SourceVersionDate "2023.09.30"]
[SourceQuality "1"]

1. e4 e6 2. d4 d5 3. Nc3 Bb4 4. Nge2 dxe4 5. a3 Bxc3+ 6. Nxc3 Nc6 7. d5 exd5 8. Qxd5 Be6 9. Qxd8+ Rxd8 10. Bf4 Nge7 11. Nxe4 Bf5 12. Bd3 Bxe4 13. Bxe4 Rd4 14. f3 f5 15. c3 Rc4 16. Bxc6+ Rxc6 17. 0-0-0 Rf8 18. Rhe1 Rff6 19. Rd2 Kf7 20. Rd7 Rfe6 21. Red1 Re2 22. Bxc7 Rxg2 23. Bd6 Re2 24. Rxb7 a6 25. h4 Re6 26. Bb4 Re2 27. Rdd7 Rce6 28. c4 Kf6 29. Rxe7 Rxe7 30. Bxe7+ Rxe7 31. Rxe7 Kxe7 32. f4 1-0

[Event "CZE-chT1W 2223"]
[Site "Czech Republic"]
[Date "2023.02.12"]
[Round "8.4"]
[White "Vojta, Jakub"]
[Black "Priehoda, Vitezslav"]
[Result "1-0"]
[WhiteElo "2310"]
[BlackElo "2257"]
[PlyCount "101"]
[EventDate "2022.10.09"]
[EventType "team-tourn"]
[EventRounds "11"]
[EventCountry "CZE"]
[SourceTitle "CBM 213 Extra"]
[Source "ChessBase"]
[SourceDate "2023.05.31"]
[SourceVersion "1"]
[SourceVersionDate "2023.05.31"]
[SourceQuality "1"]
[WhiteTeam "Ricany Betsys"]
[BlackTeam "Lysa nad Labem II"]
[WhiteTeamCountry "CZE"]
[BlackTeamCountry "CZE"]

1. e4 c5 2. Nf3 a6 3. c4 e6 4. Nc3 Nc6 5. d4 cxd4 6. Nxd4 Qc7 7. Be3 Nf6 8. a3 d6 9. Rc1 Be7 10. Be2 0-0 11. 0-0 Nxd4 12. Qxd4 Bd7 13. b4 Rfd8 14. Rfd1 Qb8 15. f3 h6 16. Kh1 Rc8 17. f4 Be8 18. Bf3 b5 19. Ne2 e5 20. Qd3 bxc4 21. Rxc4 Bb5 22. Rxc8+ Qxc8 23. Qd2 Qb7 24. Nc3 Bc6 25. Qd3 Re8 26. Nd5 Nxd5 27. exd5 Bb5 28. Qf5 Bf8 29. fxe5 Rxe5 30. Qf4 Qe7 31. Bf2 g6 32. Rc1 h5 33. Bg3 Kh7 34. Qd4 Bh6 35. Bxe5 dxe5 36. Re1 Bg7 37. d6 Qd7 38. Qd5 f5 39. Rxe5 Bxe5 40. Qxe5 Qg7 41. Qxg7+ Kxg7 42. Bb7 Kf6 43. Bc8 h4 44. Kg1 f4 45. Kf2 g5 46. Bg4 Bc6 47. Be2 Bb5 48. Bxb5 axb5 49. h3 Ke6 50. Kf3 Kxd6 51. Kg4 1-0

[Event "CZE-chT 2122"]
[Site "Czech Republic"]
[Date "2022.04.09"]
[Round "14.3"]
[White "Priehoda, Vitezslav"]
[Black "Gnojek, Petr"]
[Result "1/2-1/2"]
[WhiteElo "2268"]
[BlackElo "2271"]
[PlyCount "91"]
[EventDate "2021.10.15"]
[EventType "team-tourn"]
[EventRounds "15"]
[EventCountry "CZE"]
[SourceTitle "EXT 2023"]
[Source "ChessBase"]
[SourceDate "2022.10.05"]
[SourceVersion "1"]
[SourceVersionDate "2022.10.05"]
[SourceQuality "1"]
[WhiteTeam "Lysa nad Labem"]
[BlackTeam "Frydek Mistek II"]
[WhiteTeamCountry "CSR"]
[BlackTeamCountry "CZE"]

1. d4 d6 2. e4 Nf6 3. Nc3 g6 4. Bc4 Bg7 5. Qe2 c6 6. e5 dxe5 7. dxe5 Nd5 8. Bd2 Be6 9. Nf3 Nd7 10. Nxd5 cxd5 11. Bb3 Qc7 12. Bc3 Bg4 13. Bxd5 e6 14. h3 Bxf3 15. Bxf3 Bxe5 16. Bxe5 Nxe5 17. 0-0 0-0 18. c3 Rad8 19. Rad1 b6 20. Rfe1 Rxd1 21. Rxd1 a5 22. Rd4 Qc5 23. a4 Rc8 24. Bb7 Rc7 25. Ba6 Kg7 26. Bb5 h6 27. Qd2 g5 28. Kh1 Ng6 29. Bd3 Nf4 30. Bb5 Qe5 31. Kg1 Rc5 32. Bf1 Rd5 33. g3 Ng6 34. Rxd5 exd5 35. Bg2 Ne7 36. Kf1 f6 37. Qd3 h5 38. Bf3 h4 39. gxh4 gxh4 40. Qb5 Qf5 41. Bg4 Qb1+ 42. Kg2 Qe4+ 43. Bf3 Qg6+ 44. Kf1 Qb1+ 45. Kg2 Qg6+ 46. Kf1 1/2-1/2

[Event "CZE-chT1W 2122"]
[Site "Czech Republic"]
[Date "2022.01.09"]
[Round "6.3"]
[White "Ondrus, Martin"]
[Black "Priehoda, Vitezslav"]
[Result "1/2-1/2"]
[WhiteElo "2274"]
[BlackElo "2268"]
[PlyCount "77"]
[EventDate "2021.10.10"]
[EventType "team-tourn"]
[EventRounds "11"]
[EventCountry "CZE"]
[SourceTitle "EXT 2023"]
[Source "ChessBase"]
[SourceDate "2022.10.05"]
[SourceVersion "1"]
[SourceVersionDate "2022.10.05"]
[SourceQuality "1"]
[WhiteTeam "Kobylisy"]
[BlackTeam "Lysa nad Labem III"]
[WhiteTeamCountry "CZE"]
[BlackTeamCountry "CZE"]

1. e4 e6 2. d4 d5 3. Nd2 Nc6 4. Ngf3 Nf6 5. e5 Nd7 6. Be2 a5 7. 0-0 f6 8. c4 dxc4 9. Nxc4 Be7 10. exf6 Nxf6 11. Bg5 0-0 12. Bd3 Nb4 13. Bb1 Nbd5 14. Nfe5 Qe8 15. h4 b6 16. Re1 Bb7 17. Qd3 Rd8 18. Qh3 Bb4 19. Rf1 Ba6 20. a3 Bd6 21. Bd3 Bxe5 22. dxe5 Nh5 23. Nd6 Nhf4 24. Qg4 cxd6 25. Bxa6 Ra8 26. Bb7 Ra7 27. Bxd5 Nxd5 28. exd6 Rd7 29. Be7 Nxe7 30. Qxe6+ Kh8 31. dxe7 Rf6 32. Qc4 Rxe7 33. Rad1 h6 34. g3 Re2 35. Qd4 Qg6 36. Rd2 Re4 37. Qd8+ Kh7 38. Qd3 Rxh4 39. Qxg6+ 1/2-1/2

[Event "CZE-chT 2122"]
[Site "Czech Republic"]
[Date "2021.11.06"]
[Round "3.1"]
[White "Petrova, Kristyna"]
[Black "Priehoda, Vitezslav"]
[Result "1/2-1/2"]
[WhiteElo "2267"]
[BlackElo "2268"]
[PlyCount "98"]
[EventDate "2021.10.15"]
[EventType "team-tourn"]
[EventRounds "15"]
[EventCountry "CZE"]
[SourceTitle "EXT 2023"]
[Source "ChessBase"]
[SourceDate "2022.10.05"]
[SourceVersion "1"]
[SourceVersionDate "2022.10.05"]
[SourceQuality "1"]
[WhiteTeam "Ingem Line"]
[BlackTeam "Lysa nad Labem"]
[WhiteTeamCountry "CZE"]
[BlackTeamCountry "CSR"]

1. e4 e5 2. Nf3 Nc6 3. Bb5 a6 4. Ba4 Nf6 5. 0-0 Be7 6. Re1 b5 7. Bb3 d6 8. a4 b4 9. d3 0-0 10. Nbd2 Na5 11. Ba2 c5 12. c3 Nc6 13. Nc4 Rb8 14. h3 h6 15. Ne3 Re8 16. Nh2 Bf8 17. Nhg4 Nxg4 18. hxg4 Be6 19. Bd5 Ne7 20. Bc4 d5 21. Bxa6 Qa5 22. exd5 Nxd5 23. Bc4 Nxe3 24. Bxe3 Bxc4 25. dxc4 bxc3 26. bxc3 Qxc3 27. Qc1 Qd3 28. Rd1 Qe2 29. a5 Qxg4 30. a6 Qe6 31. Rd5 Qc6 32. Qa3 Rbc8 33. Qb2 Rb8 34. Qa3 Rbc8 35. Qb2 Rb8 36. Qc3 e4 37. Qa5 Be7 38. a7 Ra8 39. Bxc5 Bxc5 40. Rxc5 Qf6 41. Rb1 e3 42. fxe3 Qe7 43. Rc7 Qxe3+ 44. Kh1 Re5 45. Rb8+ Kh7 46. Qxe5 Qxe5 47. Rxa8 Qe1+ 48. Kh2 Qh4+ 49. Kg1 Qe1+ 1/2-1/2

[Event "CZE-chT1W 2122"]
[Site "Czech Republic"]
[Date "2021.10.10"]
[Round "1.2"]
[White "Priehoda, Vitezslav"]
[Black "Hrabusa, Matej"]
[Result "0-1"]
[WhiteElo "2268"]
[BlackElo "2363"]
[PlyCount "66"]
[EventDate "2021.10.10"]
[EventType "team-tourn"]
[EventRounds "11"]
[EventCountry "CZE"]
[SourceTitle "EXT 2023"]
[Source "ChessBase"]
[SourceDate "2022.10.05"]
[SourceVersion "1"]
[SourceVersionDate "2022.10.05"]
[SourceQuality "1"]
[WhiteTeam "Lysa nad Labem III"]
[BlackTeam "Praha DP EA Hotels"]
[WhiteTeamCountry "CZE"]
[BlackTeamCountry "CZE"]

1. c4 f5 2. b3 d6 3. Bb2 e5 4. d4 Qe7 5. g3 Nc6 6. d5 Nd8 7. Bg2 Nf6 8. Nc3 Nf7 9. e4 g6 10. Nge2 Bg7 11. f3 0-0 12. 0-0 h5 13. Qc2 h4 14. Rae1 Bd7 15. b4 Rae8 16. Bc1 a6 17. exf5 Bxf5 18. Qd1 h3 19. Bh1 Qd7 20. g4 Bxg4 21. fxg4 Qxg4+ 22. Ng3 Qxc4 23. Nce4 Nxe4 24. Rxe4 Qxa2 25. Qg4 Nh8 26. Qxh3 Rxf1+ 27. Qxf1 Rf8 28. Qe1 Qxd5 29. Rf4 Qe6 30. Rxf8+ Bxf8 31. Bxb7 d5 32. Kg2 Nf7 33. Qc3 Qd6 0-1

[Event "EUR-ch Seniors 50"]
[Site "Prague"]
[Date "2021.09.06"]
[Round "8.4"]
[White "Danek, Pavel"]
[Black "Priehoda, Vitezslav"]
[Result "0-1"]
[WhiteElo "1870"]
[BlackElo "2269"]
[PlyCount "88"]
[EventDate "2021.08.30"]
[EventType "team-tourn"]
[EventRounds "9"]
[EventCountry "CZE"]
[SourceTitle "CBM 204 Extra"]
[Source "ChessBase"]
[SourceDate "2021.11.30"]
[SourceVersion "1"]
[SourceVersionDate "2021.11.30"]
[SourceQuality "1"]
[WhiteTeam "Pardubice Bohemia 50"]
[BlackTeam "1960 69 50"]
[WhiteTeamCountry "CZE"]
[BlackTeamCountry "CZE"]

1. d4 c5 2. c3 d5 3. Nf3 Nf6 4. Bf4 Nc6 5. e3 Qb6 6. Qb3 c4 7. Qxb6 axb6 8. Be2 Bf5 9. 0-0 h6 10. Nbd2 e6 11. a3 b5 12. Rac1 Nd7 13. Ne5 g5 14. Bg3 h5 15. Nxd7 Kxd7 16. f3 h4 17. Be5 Nxe5 18. dxe5 Bc5 19. Kf2 Bb6 20. Rfd1 Kc6 21. Nf1 Rag8 22. h3 Bc7 23. f4 gxf4 24. exf4 Bb6+ 25. Ne3 Rxg2+ 26. Kxg2 Bxe3 27. Rf1 Rg8+ 28. Bg4 Bxc1 29. Rxc1 Bxg4 30. hxg4 Rxg4+ 31. Kf3 Rg3+ 32. Kf2 Rd3 33. Rg1 Rd2+ 34. Kf3 h3 35. Rh1 h2 36. Kg3 Rxb2 37. Kg4 Rg2+ 38. Kh3 Rc2 39. Kg4 Kd7 40. f5 exf5+ 41. Kxf5 Rf2+ 42. Kg4 Ke6 43. Kg3 Rc2 44. Kf4 b6 0-1

[Event "Budapest FS12 IM"]
[Site "Budapest"]
[Date "2020.12.15"]
[Round "9"]
[White "Priehoda, Vitezslav"]
[Black "Souhardo, Basak"]
[Result "1/2-1/2"]
[WhiteElo "2294"]
[BlackElo "2276"]
[PlyCount "61"]
[EventDate "2020.12.05"]
[EventType "tourn"]
[EventRounds "9"]
[EventCountry "HUN"]
[EventCategory "1"]
[SourceTitle "CBM 199 Extra"]
[Source "ChessBase"]
[SourceDate "2021.01.31"]
[SourceVersion "1"]
[SourceVersionDate "2021.01.31"]
[SourceQuality "1"]

1. Nf3 Nf6 2. d4 e6 3. g3 Be7 4. Bg2 0-0 5. c4 d5 6. 0-0 dxc4 7. Qc2 a6 8. a4 Bd7 9. Rd1 Bc6 10. Bg5 a5 11. Qxc4 Bd5 12. Qc1 Na6 13. Nc3 Bxf3 14. Bxf3 c6 15. e4 Nb4 16. Na2 Nxa2 17. Rxa2 h6 18. Be3 Bb4 19. Qc4 Qe7 20. b3 Rfd8 21. Raa1 Rd7 22. Rd3 Rad8 23. Rad1 e5 24. dxe5 Rxd3 25. Rxd3 Rxd3 26. Qxd3 Nd7 27. Be2 Nxe5 28. Qc2 Nd7 29. Kg2 Nc5 30. f3 Ne6 31. Bc4 1/2-1/2

[Event "Budapest FS12 IM"]
[Site "Budapest"]
[Date "2020.12.14"]
[Round "8"]
[White "Karacsonyi, Gellert"]
[Black "Priehoda, Vitezslav"]
[Result "1-0"]
[WhiteElo "2277"]
[BlackElo "2294"]
[PlyCount "67"]
[EventDate "2020.12.05"]
[EventType "tourn"]
[EventRounds "9"]
[EventCountry "HUN"]
[EventCategory "1"]
[SourceTitle "CBM 199 Extra"]
[Source "ChessBase"]
[SourceDate "2021.01.31"]
[SourceVersion "1"]
[SourceVersionDate "2021.01.31"]
[SourceQuality "1"]

1. e4 c6 2. Nc3 d5 3. Nf3 Nf6 4. e5 Ne4 5. Nxe4 dxe4 6. Ng5 Qd4 7. Qe2 Qxe5 8. Nxe4 Bf5 9. d3 e6 10. g3 Bxe4 11. c3 Nd7 12. dxe4 Qc7 13. Bg2 a5 14. 0-0 Bc5 15. Qg4 g6 16. Bg5 h6 17. Bf4 Qb6 18. Rab1 g5 19. Bd2 0-0-0 20. Qe2 Ne5 21. b4 Qa6 22. b5 cxb5 23. Rxb5 Qd6 24. Rfb1 Rd7 25. Be3 Bxe3 26. Qxe3 Nc6 27. e5 Qc7 28. Qc5 Rhd8 29. Bxc6 bxc6 30. Rxa5 Rd1+ 31. Rxd1 Rxd1+ 32. Kg2 Rd5 33. Qf8+ Kb7 34. Qa8+ 1-0

[Event "Budapest FS12 IM"]
[Site "Budapest"]
[Date "2020.12.06"]
[Round "2"]
[White "Pasztor, Balazs"]
[Black "Priehoda, Vitezslav"]
[Result "0-1"]
[WhiteElo "2226"]
[BlackElo "2294"]
[PlyCount "84"]
[EventDate "2020.12.05"]
[EventType "tourn"]
[EventRounds "9"]
[EventCountry "HUN"]
[EventCategory "1"]
[SourceTitle "CBM 199 Extra"]
[Source "ChessBase"]
[SourceDate "2021.01.31"]
[SourceVersion "1"]
[SourceVersionDate "2021.01.31"]
[SourceQuality "1"]

1. e4 e5 2. Nf3 Nc6 3. Bc4 Bc5 4. c3 Nf6 5. d3 h6 6. 0-0 d6 7. Nbd2 0-0 8. h3 a6 9. Bb3 Be6 10. Re1 Qd7 11. Nf1 Bxb3 12. axb3 Rfe8 13. Nh4 d5 14. Qf3 dxe4 15. dxe4 Qe6 16. Nf5 Bf8 17. g4 Nh7 18. h4 Ne7 19. b4 Nxf5 20. exf5 Qf6 21. Qxb7 Qxh4 22. Qg2 c5 23. b5 Qd8 24. bxa6 Qc8 25. a7 Qc7 26. Ne3 Rxa7 27. Nd5 Qb8 28. Rxa7 Qxa7 29. Be3 Qa2 30. Re2 e4 31. Rd2 Re5 32. Nb6 Nf6 33. Bf4 Re8 34. g5 hxg5 35. Bxg5 e3 36. Bxe3 Qb1+ 37. Kh2 Qxf5 38. Nd5 Ng4+ 39. Kg1 Ne5 40. Kf1 Nc4 41. Re2 Rd8 42. b3 Rxd5 0-1

[Event "Kumania-ch"]
[Site "Kisujszallas"]
[Date "2020.11.29"]
[Round "11"]
[White "Ongut, Tamas Gunes"]
[Black "Priehoda, Vitezslav"]
[Result "0-1"]
[WhiteElo "2332"]
[BlackElo "2294"]
[PlyCount "90"]
[EventDate "2020.11.21"]
[EventType "tourn"]
[EventRounds "11"]
[EventCountry "HUN"]
[EventCategory "4"]
[SourceTitle "CBM 199 Extra"]
[Source "ChessBase"]
[SourceDate "2021.01.31"]
[SourceVersion "1"]
[SourceVersionDate "2021.01.31"]
[SourceQuality "1"]

1. d4 Nf6 2. Nf3 d6 3. Bf4 Bf5 4. e3 Nh5 5. Bd3 Nxf4 6. exf4 e6 7. Bxf5 exf5 8. Qd3 Qd7 9. c4 c6 10. Nc3 Be7 11. 0-0-0 Na6 12. Rhe1 0-0-0 13. d5 c5 14. Kb1 g6 15. Nb5 Kb8 16. Qc3 Rdf8 17. Ne5 Qd8 18. a3 Ka8 19. Qf3 dxe5 20. fxe5 Qd7 21. e6 fxe6 22. dxe6 Qc6 23. Qxc6 bxc6 24. Rd7 cxb5 25. cxb5 Rc8 26. bxa6 Rhe8 27. Red1 c4 28. R1d5 Bc5 29. f3 Bf8 30. Re5 Be7 31. Red5 Bf6 32. R5d6 Be5 33. Rd2 Rxe6 34. Re2 Rd6 35. Rxh7 c3 36. bxc3 Bxc3 37. Rc2 Rxa6 38. Ka2 Rac6 39. h4 f4 40. a4 Be1 41. Rb2 Rb6 42. h5 Rxb2+ 43. Kxb2 gxh5 44. Rxh5 Bg3 45. a5 Kb7 0-1

[Event "Kumania-ch"]
[Site "Kisujszallas"]
[Date "2020.11.27"]
[Round "9"]
[White "Mendonca, Leon Luke"]
[Black "Priehoda, Vitezslav"]
[Result "1-0"]
[WhiteElo "2516"]
[BlackElo "2294"]
[PlyCount "81"]
[EventDate "2020.11.21"]
[EventType "tourn"]
[EventRounds "11"]
[EventCountry "HUN"]
[EventCategory "4"]
[SourceTitle "CBM 199 Extra"]
[Source "ChessBase"]
[SourceDate "2021.01.31"]
[SourceVersion "1"]
[SourceVersionDate "2021.01.31"]
[SourceQuality "1"]

1. d4 d6 2. c4 e5 3. Nf3 Nd7 4. Nc3 Ngf6 5. g3 Be7 6. Bg2 0-0 7. 0-0 c6 8. e4 Qc7 9. h3 a6 10. a4 a5 11. Be3 Re8 12. Qc2 Bf8 13. Rad1 b6 14. Nh4 Ba6 15. b3 b5 16. axb5 cxb5 17. cxb5 Bxb5 18. Rfe1 Rec8 19. Rc1 Qb7 20. Qa2 Ba6 21. Nf3 Be7 22. Red1 Bd8 23. dxe5 dxe5 24. Nd5 Nxd5 25. exd5 Rab8 26. Nd2 Qb4 27. Qa4 Qxa4 28. bxa4 Be7 29. d6 Bd8 30. Bc6 Nb6 31. f4 f6 32. fxe5 fxe5 33. h4 Kf7 34. Ne4 Kg8 35. d7 Rc7 36. Nd6 Nxd7 37. Ne8 Rxc6 38. Rxc6 Bb6 39. Bxb6 Nxb6 40. Nc7 Be2 41. Rb1 1-0